The right and the power: the prosecution of Watergate
| 1. VerfasserIn: | |
|---|---|
| Medienart: | Druck Buch |
| Sprache: | Englisch |
| Veröffentlicht: |
New York
Reader's Digest Press [u.a.]
1976
New York Reader's Digest Press [u.a.] 1976 |
| In: | Jahr: 1976 |
| Online-Zugang: |
Table of contents |
| Bestand in Tübingen: | In Tübingen vorhanden. UB: KB 9 A 298 |
| Verfügbarkeit prüfen: | HBZ Gateway |
| Subito Bestelldienst: | Jetzt bestellen. |
| Schlagwörter: |
MARC
| LEADER | 00000cam a2200000 c 4500 | ||
|---|---|---|---|
| 001 | 216428025 | ||
| 003 | DE-627 | ||
| 005 | 20260206192805.0 | ||
| 007 | tu | ||
| 008 | 961016s1976 xxu||||| 00| ||eng c | ||
| 020 | |a 0883491028 |9 0-88349-102-8 | ||
| 035 | |a (DE-627)216428025 | ||
| 035 | |a (DE-603)119634767 | ||
| 035 | |a (DE-576)026560917 | ||
| 035 | |a (DE-599)GBV216428025 | ||
| 035 | |a (OCoLC)637766871 | ||
| 035 | |a (OCoLC)02331561 | ||
| 035 | |a (DE-604)8129443158 | ||
| 040 | |a DE-627 |b ger |c DE-627 |e rakwb | ||
| 041 | |a eng | ||
| 044 | |c XD-US | ||
| 050 | 0 | |a KF228.U5 | |
| 082 | 0 | |a 345/.73/0232 | |
| 082 | 0 | |a 345.730232 | |
| 084 | |a 2,1 |2 ssgn | ||
| 084 | |a 15.87 |2 bkl | ||
| 100 | 1 | |a Jaworski, Leon |d 1905-1990 |0 (DE-588)118557165 |0 (DE-627)694792187 |0 (DE-576)166456233 |4 aut | |
| 109 | |a Jaworski, Leon 1905-1990 | ||
| 245 | 1 | 4 | |a The right and the power |b the prosecution of Watergate |c Leon Jaworski |
| 264 | 1 | |a New York |b Reader's Digest Press [u.a.] |c 1976 | |
| 264 | 1 | |a New York |b Reader's Digest Press [u.a.] |c 1976 | |
| 300 | |a 305 S. | ||
| 336 | |a Text |b txt |2 rdacontent | ||
| 337 | |a ohne Hilfsmittel zu benutzen |b n |2 rdamedia | ||
| 338 | |a Band |b nc |2 rdacarrier | ||
| 583 | 1 | |a Archivierung/Langzeitarchivierung gewährleistet |f SLG |x XA-DE-BW |z BfZ |2 pdager |5 DE-24 | |
| 583 | 1 | |a Archivierung/Langzeitarchivierung gewährleistet |f SSG |x XA-DE-BW |2 pdager |5 DE-21 | |
| 583 | 1 | |a Archivierung prüfen |c 20240324 |f DE-4165 |z 2 |2 pdager | |
| 600 | 1 | 0 | |a Nixon, Richard M. |
| 650 | 0 | |a Watergate Affair, 1972-1974 | |
| 650 | 0 | 7 | |0 (DE-588)4189311-6 |0 (DE-627)105257923 |0 (DE-576)210058854 |a Watergate-Affäre |2 gnd |
| 653 | 0 | |a United States | |
| 689 | 0 | 0 | |d s |0 (DE-588)4189311-6 |0 (DE-627)105257923 |0 (DE-576)210058854 |a Watergate-Affäre |2 gnd |
| 689 | 0 | |5 (DE-627) | |
| 689 | 1 | 0 | |d p |0 (DE-588)11858832X |0 (DE-627)035196378 |0 (DE-576)16239151X |a Nixon, Richard M. |d 1913-1994 |2 gnd |
| 689 | 1 | 1 | |d s |0 (DE-588)4125830-7 |0 (DE-627)105737100 |0 (DE-576)209579897 |a Politischer Skandal |2 gnd |
| 689 | 1 | |5 (DE-627) | |
| 856 | 4 | 2 | |u http://www.loc.gov/catdir/toc/fy036/76022594.html |x Verlag |y Table of contents |7 1 |
| 935 | |a MZUSA | ||
| 935 | |i Blocktest | ||
| 935 | |h HEB |i 0501 | ||
| 935 | |h HEB |i 0503 | ||
| 936 | b | k | |a 15.87 |j USA |x Geschichte |0 (DE-627)181569760 |
| 936 | s | n | |a p100 |2 mzub |
| 951 | |a BO | ||
| ELC | |b 1 | ||
| LOK | |0 000 xxxxxcx a22 zn 4500 | ||
| LOK | |0 001 3094483259 | ||
| LOK | |0 003 DE-627 | ||
| LOK | |0 004 216428025 | ||
| LOK | |0 005 20141111142007 | ||
| LOK | |0 008 141111||||||||||||||||ger||||||| | ||
| LOK | |0 040 |a DE-21 |c DE-627 |d DE-21 | ||
| LOK | |0 852 |a DE-21 | ||
| LOK | |0 852 1 |c KB 9 A 298 |9 00 | ||
| LOK | |0 935 |a krim | ||
| LOK | |0 936ln |a k10.3.1 | ||
| LOK | |0 939 |a 11-11-14 |b l01 | ||
| ORI | |a SA-MARC-krimdoka001.raw | ||
| SIG | |a UB: KB 9 A 298 | ||
| TIM | |a 100019720101_100019741231 |b Watergate-Affäre 1972-1974 | ||
